<?xml version="1.0" encoding="UTF-8"?><?xml-stylesheet type="text/xsl" href="static/style.xsl"?><OAI-PMH xmlns="http://www.openarchives.org/OAI/2.0/" xmlns:xsi="http://www.w3.org/2001/XMLSchema-instance" xsi:schemaLocation="http://www.openarchives.org/OAI/2.0/ http://www.openarchives.org/OAI/2.0/OAI-PMH.xsd"><responseDate>2026-06-02T21:45:06Z</responseDate><request verb="GetRecord" identifier="oai:riuma.uma.es:10630/38371" metadataPrefix="marc">https://riuma.uma.es/rest/oai/request</request><GetRecord><record><header><identifier>oai:riuma.uma.es:10630/38371</identifier><datestamp>2026-02-03T10:51:24Z</datestamp><setSpec>com_10630_2254</setSpec><setSpec>col_10630_37953</setSpec></header><metadata><record xmlns="http://www.loc.gov/MARC21/slim" xmlns:dcterms="http://purl.org/dc/terms/" xmlns:doc="http://www.lyncode.com/xoai" xmlns:xsi="http://www.w3.org/2001/XMLSchema-instance" xsi:schemaLocation="http://www.loc.gov/MARC21/slim http://www.loc.gov/standards/marcxml/schema/MARC21slim.xsd">
   <leader>00925njm 22002777a 4500</leader>
   <datafield ind2=" " ind1=" " tag="042">
      <subfield code="a">dc</subfield>
   </datafield>
   <datafield ind2=" " ind1=" " tag="720">
      <subfield code="a">Morales Sánchez, Carlos</subfield>
      <subfield code="e">author</subfield>
   </datafield>
   <datafield ind2=" " ind1=" " tag="720">
      <subfield code="a">Pascual, Antonio</subfield>
      <subfield code="e">author</subfield>
   </datafield>
   <datafield ind2=" " ind1=" " tag="720">
      <subfield code="a">Leinen, Dietmar</subfield>
      <subfield code="e">author</subfield>
   </datafield>
   <datafield ind2=" " ind1=" " tag="720">
      <subfield code="a">Flores, Eduardo</subfield>
      <subfield code="e">author</subfield>
   </datafield>
   <datafield ind2=" " ind1=" " tag="720">
      <subfield code="a">Muñoz Cortés, Esmeralda</subfield>
      <subfield code="e">author</subfield>
   </datafield>
   <datafield ind2=" " ind1=" " tag="720">
      <subfield code="a">Leardini, Fabrice</subfield>
      <subfield code="e">author</subfield>
   </datafield>
   <datafield ind2=" " ind1=" " tag="720">
      <subfield code="a">Ares Fernández, José Ramón</subfield>
      <subfield code="e">author</subfield>
   </datafield>
   <datafield ind2=" " ind1=" " tag="720">
      <subfield code="a">Soriano de Arpe, Leonardo</subfield>
      <subfield code="e">author</subfield>
   </datafield>
   <datafield ind2=" " ind1=" " tag="720">
      <subfield code="a">Jiménez Ferrer, Isabel</subfield>
      <subfield code="e">author</subfield>
   </datafield>
   <datafield ind2=" " ind1=" " tag="720">
      <subfield code="a">Sánchez López, Carlos</subfield>
      <subfield code="e">author</subfield>
   </datafield>
   <datafield ind2=" " ind1=" " tag="260">
      <subfield code="c">2022-08-03</subfield>
   </datafield>
   <datafield ind2=" " ind1=" " tag="520">
      <subfield code="a">The sulfuration of metallic iron layers into pyrite (FeS2) is preceded by an initial stage characterized by the iron transformation into monosulfide, which acts as a precursor of the disulfide. This work presents a comprehensive reaction and kinetic model of the sulfuration reaction of metallic iron thin films into monosulfides when using a molecular sulfur (S2) atmosphere. By slowing down the sulfuration reaction, we have been able to follow in-situ the evolution of the transport properties (electrical resistivity and Seebeck coefficient) of the Fe films during their sulfuration reaction to monosulfides. We show that two different stages characterize this initial sulfuration: (1) the transformation of Fe into hexagonal pyrrhotite (Fe → Fe1-xSH), and (2) a partial crystallographic transformation of this hexagonal pyrrhotite into orthorhombic pyrrhotite (Fe1-xSH → Fe1- xSO). A two-step process can explain the pyrrhotite hexagonal phase formation, being firstly controlled by the surface adsorption of S2 on the external sample interface (S2/pyrrhotite) and secondly by the diffusion of Fe atoms through the formed pyrrhotite layer. By deducing the corresponding kinetic equations in terms of the experimental parameters (S2 partial pressure and thicknesses of the layers of present species), we can explain the evolution of the electrical resistance and Seebeck coefficient of the original Fe film during its transformation into monosulfide. At the same time, the appearance of the Kirkendall effect during the monosulfide phase formation is experimental and formally justified. The comprehensive description of this first stage of the complete sulfuration process of the Fe film into pyrite provides a layout to deeply discuss the influence of these intermedium phases on the final iron disulfide film characteristics and the appearance of potential film defects related to the experimental growth conditions.</subfield>
   </datafield>
   <datafield ind1="8" ind2=" " tag="024">
      <subfield code="a">J. Phys. Chem. C 2022, 126, 13870−13883</subfield>
   </datafield>
   <datafield ind1="8" ind2=" " tag="024">
      <subfield code="a">https://hdl.handle.net/10630/38371</subfield>
   </datafield>
   <datafield ind1="8" ind2=" " tag="024">
      <subfield code="a">10.1021/acs.jpcc.2c02060</subfield>
   </datafield>
   <datafield tag="653" ind2=" " ind1=" ">
      <subfield code="a">Hierro - Aleaciones</subfield>
   </datafield>
   <datafield tag="653" ind2=" " ind1=" ">
      <subfield code="a">Piritas</subfield>
   </datafield>
   <datafield ind2="0" ind1="0" tag="245">
      <subfield code="a">Reaction Mechanism and Kinetic Model of Fe Thin Film Transformation into Monosulfides (FeS): First Step of the Fe Films Sulfuration Process into Pyrite</subfield>
   </datafield>
</record>
</metadata></record></GetRecord></OAI-PMH>